Практический курс перевода (русский язык): учебное пособие

Dettagli Bibliografici
Autore principale: Воробьёва Л. В. Людмила Владимировна
Ente Autore: Национальный исследовательский Томский политехнический университет (ТПУ)
Riassunto:Заглавие с титульного экрана
Электронная версия печатной публикации
Пособие посвящено теоретическим и практическим вопросам перевода разножанровых текстов с русского языка на родной. Целью пособия является формирование систематического представления о способах, средствах и приёмах преобразования языковых единиц в процессе перевода. Предназначено для иностранных студентов, обучающихся по специальности 031201 «Теория и методика преподавания иностранных языков и культур», может быть полезно всем интересующимся вопросами перевода с русского языка
Режим доступа: из корпоративной сети ТПУ
Lingua:russo
Pubblicazione: Томск, Изд-во ТПУ, 2010
Soggetti:
Accesso online:http://www.lib.tpu.ru/fulltext2/m/2011/m252.pdf
Natura: Elettronico Libro
KOHA link:https://koha.lib.tpu.ru/cgi-bin/koha/opac-detail.pl?biblionumber=197410

MARC

LEADER 00000nlm0a2200000 4500
001 197410
005 20240116094742.0
035 |a (RuTPU)RU\TPU\book\215337 
090 |a 197410 
100 |a 20110610d2010 m y0rusy50 ca 
101 0 |a rus 
102 |a RU 
105 |a a j 001zy 
135 |a drcn ---uucaa 
181 0 |a i  
182 0 |a b 
200 1 |a Практический курс перевода (русский язык)  |e учебное пособие  |f Л. В. Воробьёва  |g Национальный исследовательский Томский политехнический университет (ТПУ) 
203 |a Текст  |c электронный 
210 |a Томск  |c Изд-во ТПУ  |d 2010 
300 |a Заглавие с титульного экрана 
300 |a Электронная версия печатной публикации 
330 |a Пособие посвящено теоретическим и практическим вопросам перевода разножанровых текстов с русского языка на родной. Целью пособия является формирование систематического представления о способах, средствах и приёмах преобразования языковых единиц в процессе перевода. Предназначено для иностранных студентов, обучающихся по специальности 031201 «Теория и методика преподавания иностранных языков и культур», может быть полезно всем интересующимся вопросами перевода с русского языка 
333 |a Режим доступа: из корпоративной сети ТПУ 
337 |a Adobe Reader 
452 1 |0 (RuTPU)RU\TPU\book\212709  |t Практический курс перевода (русский язык)  |o учебное пособие для вузов  |f Л. В. Воробьёва  |g Национальный исследовательский Томский политехнический университет (ТПУ)  |c Томск  |n Изд-во ТПУ  |d 2010  |p 70 с.  |a Воробьёва, Людмила Владимировна 
606 1 |a Русский язык  |x Для других народов  |x Учебные руководства и пособия  |2 stltpush  |3 (RuTPU)RU\TPU\subj\26400  |9 50340 
610 1 |a электронный ресурс 
610 1 |a труды учёных ТПУ 
610 1 |a учебные пособия 
610 1 |a русский язык как иностранный 
610 1 |a стилистика 
610 1 |a переводы 
610 1 |a переводческие ошибки 
610 1 |a лексика 
610 1 |a текст 
610 1 |a переводческий анализ 
610 1 |a практикумы 
686 |a Ш141.2-96  |2 rubbk 
700 1 |a Воробьёва  |b Л. В.  |c лингвист  |c доцент Томского политехнического университета, кандидат филологических наук  |f 1979-  |g Людмила Владимировна  |3 (RuTPU)RU\TPU\pers\26956  |9 12566 
712 0 2 |a Национальный исследовательский Томский политехнический университет (ТПУ)  |c (2009- )  |3 (RuTPU)RU\TPU\col\15902 
801 1 |a RU  |b 63413507  |c 20110610 
801 2 |a RU  |b 63413507  |c 20150305  |g RCR 
856 4 |u http://www.lib.tpu.ru/fulltext2/m/2011/m252.pdf 
942 |c CF